00409 a2200109 4500001001000000005001700010008004100027245013400068100002000202773006000222999001700282ART_5087820260410161945.0260409a 10aAplicación de la sanción del artículo 275 de la ley de contrato de trabajo a la aseguradora de riesgos de trabajo demandada1 aFavier, Daniela0 tTemas de derecho laboralg- N° 6 (jun. 2020)wREV27619 c29868d29868